|
|
|
|
| LEADER |
00957nam a2200277 a 4500 |
| 001 |
15015401 |
| 003 |
BD-DhAAL |
| 008 |
101207s2009 wyu 000 0 eng d |
| 999 |
|
|
|c 10184
|d 10184
|
| 010 |
|
|
|a 2007937907
|
| 020 |
|
|
|a 9780141185378
|
| 020 |
|
|
|a 9781605120621 (hardcover)
|
| 020 |
|
|
|a 9781605121628 (pbk.)
|
| 040 |
|
|
|a DLC
|c DLC
|d BD-DhAAL
|
| 082 |
0 |
0 |
|a 823.91209
|2 22
|
| 100 |
1 |
|
|a Orwell, George.
|9 31304
|
| 245 |
1 |
0 |
|a Burmese days /
|c George Orwell.
|
| 250 |
|
|
|a First edition
|
| 260 |
|
|
|a Jackson Hole, WY :
|b Archeion Press ;
|a London :
|a Penguin Books, LLC,
|c 2009.
|
| 300 |
|
|
|a xvii, 299 pages ;
|c 19 cm.
|
| 490 |
0 |
|
|a Modern classics
|
| 541 |
1 |
|
|e 00021530
|
| 651 |
|
0 |
|a Burma
|x In literature.
|9 31305
|
| 852 |
4 |
|
|a Ayesha Abed Library
|j General Shelf.
|
| 942 |
|
|
|2 ddc
|c BK
|
| 952 |
|
|
|0 0
|1 0
|2 ddc
|4 0
|6 823_912090000000000_ORW
|7 0
|9 13564
|a BRACUL
|b BRACUL
|c GEN
|d 2010-12-09
|l 10
|m 66
|o 823.91209 ORW
|p 3010021530
|r 2026-04-15
|s 2025-08-17
|t 1
|w 2010-12-09
|y BK
|